书目信息 |
| 题名: |
中国建设项目名录
|
|
| 作者: | 王武龙 主编 | |
| 分册: | ||
| 出版信息: | 北京 中国物价出版社 1997.01 |
|
| 页数: | 1456页 | |
| 开本: | 26cm | |
| 丛书名: | ||
| 单 册: | ||
| 中图分类: | F287(2)-62 | |
| 科图分类: | ||
| 主题词: | 基本建设经济 , 基本建设 , 基本建设经济学 , 基本建设优化学 | |
| 电子资源: | ||
| ISBN: | 7-80070-534-X | |
| 000 | 00663nam0 2200229 45 | |
| 001 | 0357905940 | |
| 005 | 2003052216050594 | |
| 010 | @a7-80070-534-X@dRMB 398.00 | |
| 100 | @a20030522d1997 km y0chiy0120 ea | |
| 101 | 0 | @achi |
| 102 | @aCN@b110000 | |
| 200 | 1 | @a中国建设项目名录@Azhong guo jian she xiang mu ming lu@f王武龙主编@FWang Wu Long Zhu Bian |
| 210 | @a北京@c中国物价出版社@d1997.01 | |
| 215 | @a1456页@d26cm | |
| 606 | 0 | @a基本建设经济 |
| 606 | 0 | @a基本建设 |
| 606 | 0 | @a基本建设经济学 |
| 606 | 0 | @a基本建设优化学 |
| 690 | @aF287(2)-62@v4 | |
| 701 | 0 | @a王武龙@AWang Wu Long@4主编 |
| 801 | 0 | @aCN@bPFT@c20030522 |
| 905 | @a10447@dF287(2)-62@eW373 | |
| 中国建设项目名录/王武龙主编.-北京:中国物价出版社,1997.01 |
| 1456页;26cm |
| ISBN 7-80070-534-X:RMB 398.00 |
| ● |
| 相关链接 |
|
|
|
正题名:中国建设项目名录
索取号:F287(2)-62/W373
 
预约/预借
| 序号 | 登录号 | 条形码 | 馆藏地/架位号 | 状态 | 备注 |
| 1 | 368053 | 203680533 | 社科库409/409社科库 105排1列3层/ [索取号:F287(2)-62/W373] | 在馆 |